| 000 | 00521nam a2200193Ia 4500 | ||
|---|---|---|---|
| 005 | 20231011121157.0 | ||
| 008 | 131103s9999 xx 000 0 und d | ||
| 020 | _a99731010 | ||
| 040 | _aLoreto College | ||
| 041 | _aEnglish | ||
| 082 |
_aF _bRUS |
||
| 245 | 4 |
_aThe Vintage Book of Indian Writing 1947 - 1997 _cEdited by Salman Rushdie and Elizabeth West |
|
| 260 |
_aLondon _bVintage _c1997 |
||
| 300 | _a578 p. | ||
| 650 | _aFiction in English | ||
| 700 | _aRushdie,Salman;ed. | ||
| 850 | _aLCLIB | ||
| 942 | _cBK | ||
| 999 |
_c14961 _d65440 |
||